[Event "Bretagne-ch U16"]
[Site "Quimper"]
[Date "2004.02.11"]
[Round "2"]
[White "Mallet, Berenice"]
[Black "Bacon, Julie"]
[Result "0-1"]
[WhiteElo "1540"]
[BlackElo "1750"]
[PlyCount "64"]
[EventDate "2004.02.10"]
[EventType "tourn"]
[EventRounds "7"]
[EventCountry "FRA"]
[SourceTitle "EXT 2008"]
[Source "ChessBase"]
[SourceDate "2007.11.25"]
[SourceVersion "1"]
[SourceVersionDate "2007.11.25"]
[SourceQuality "1"]

1. e4 c5 2. Nc3 a6 3. f4 g6 4. Nf3 Bg7 5. Bc4 e6 6. 0-0 b5 7. Be2 d5 8. e5 Ne7 9. d3 0-0 10. Nh4 Nbc6 11. Bd2 Bd7 12. g4 Rc8 13. Rf3 b4 14. Nb1 a5 15. Qe1 Nd4 16. Rh3 Nxc2 17. Qc1 Nxa1 18. f5 exf5 19. gxf5 Nxf5 20. Nxf5 Bxf5 21. Rg3 Bxe5 22. Rg2 Bh3 23. Rf2 Bd4 24. Be3 Nc2 25. Bxd4 Nxd4 26. Qh6 Nxe2+ 27. Rxe2 Bf5 28. Qe3 Re8 29. Qd2 Rxe2 30. Qxe2 Qg5+ 31. Kf1 Qc1+ 32. Kg2 Qxb1 0-1

[Event "Bretagne-ch U16"]
[Site "Quimper"]
[Date "2004.02.10"]
[Round "1"]
[White "Pruvost, Adeline"]
[Black "Mallet, Berenice"]
[Result "0-1"]
[WhiteElo "1140"]
[BlackElo "1540"]
[PlyCount "78"]
[EventDate "2004.02.10"]
[EventType "tourn"]
[EventRounds "7"]
[EventCountry "FRA"]
[SourceTitle "EXT 2008"]
[Source "ChessBase"]
[SourceDate "2007.11.25"]
[SourceVersion "1"]
[SourceVersionDate "2007.11.25"]
[SourceQuality "1"]

1. e4 Nc6 2. Bc4 Nf6 3. d3 d5 4. Bb3 dxe4 5. Be3 Bf5 6. Nc3 exd3 7. Bc4 dxc2 8. Qxd8+ Rxd8 9. Nf3 e6 10. 0-0 Be7 11. a3 0-0 12. Rfe1 Rd7 13. Bb3 Rfd8 14. Bxc2 Bxc2 15. Rac1 Bb3 16. g3 Nd5 17. h4 Nxc3 18. bxc3 Rd1 19. g4 Rxe1+ 20. Nxe1 Rd1 21. g5 Rxc1 22. Bxc1 f6 23. f4 Kf7 24. h5 Bd1 25. g6+ hxg6 26. hxg6+ Kxg6 27. Ng2 e5 28. Nh4+ Kh5 29. Ng2 e4 30. f5 Bc5+ 31. Kf1 Bf3 32. Nf4+ Kg4 33. Ne6 Bb6 34. Nxg7 e3 35. Ne6 e2+ 36. Ke1 Kg3 37. Kd2 Bf2 38. Nxc7 e1Q+ 39. Kd3 Qe2# 0-1

[Event "FRA-ch U10 Girls"]
[Site "Le Grand Bornand"]
[Date "2003.??.??"]
[Round "5.3"]
[White "Mallet, Berenice"]
[Black "Delorme, Anais"]
[Result "1-0"]
[WhiteElo "1520"]
[BlackElo "1330"]
[PlyCount "35"]
[EventDate "2003.??.??"]
[EventType "swiss"]
[EventRounds "9"]
[EventCountry "FRA"]
[SourceTitle "EXT 2004"]
[Source "ChessBase"]
[SourceDate "2003.11.25"]
[SourceVersion "1"]
[SourceVersionDate "2003.11.25"]
[SourceQuality "1"]

1. d4 d5 2. f4 e6 3. e3 Nf6 4. c3 Nbd7 5. Nf3 Be7 6. Bd3 b6 7. 0-0 0-0 8. Ne5 c5 9. Nd2 Bb7 10. Rf3 cxd4 11. exd4 Nxe5 12. fxe5 Nd7 13. Rh3 h6 14. Qh5 Rc8 15. Nf3 Kh8 16. Bxh6 gxh6 17. Qxh6+ Kg8 18. Qh8# 1-0

[Event "FRA-ch U10 Girls"]
[Site "Le Grand Bornand"]
[Date "2003.??.??"]
[Round "2.1"]
[White "Monasri, Sara"]
[Black "Mallet, Berenice"]
[Result "0-1"]
[WhiteElo "1330"]
[BlackElo "1520"]
[PlyCount "66"]
[EventDate "2003.??.??"]
[EventType "swiss"]
[EventRounds "9"]
[EventCountry "FRA"]
[SourceTitle "EXT 2004"]
[Source "ChessBase"]
[SourceDate "2003.11.25"]
[SourceVersion "1"]
[SourceVersionDate "2003.11.25"]
[SourceQuality "1"]

1. d4 d5 2. c4 e6 3. cxd5 exd5 4. Nc3 Nf6 5. Bg5 Nbd7 6. e3 Bb4 7. Bd3 0-0 8. Nge2 h6 9. Bf4 Re8 10. Qc2 Ne4 11. 0-0-0 Nxf2 12. Bh7+ Kh8 13. Rdf1 Nxh1 14. Rxh1 Nf6 15. Bd3 c6 16. a3 Bxc3 17. Nxc3 a5 18. Qd2 b5 19. Bc2 Qb6 20. Be5 Re6 21. Bxf6 Rxf6 22. Qd3 g6 23. h4 b4 24. h5 Bf5 25. e4 bxc3 26. exf5 Qxb2+ 27. Kd1 g5 28. Re1 Qa1+ 29. Ke2 Re8+ 30. Kf2 Qxe1+ 31. Kf3 Rxf5+ 32. Qxf5 Re3+ 33. Kg4 Qg3# 0-1

[Event "FRA-ch U10 Girls"]
[Site "Hyeres"]
[Date "2002.??.??"]
[Round "2.2"]
[White "Armas, Lena"]
[Black "Mallet, Berenice"]
[Result "0-1"]
[WhiteElo "1210"]
[BlackElo "1510"]
[PlyCount "144"]
[EventDate "2002.04.05"]
[EventType "swiss"]
[EventRounds "9"]
[EventCountry "FRA"]
[SourceTitle "EXT 2003"]
[Source "ChessBase"]
[SourceDate "2002.11.25"]
[SourceVersion "1"]
[SourceVersionDate "2002.11.25"]
[SourceQuality "1"]

1. e4 c6 2. Nf3 d5 3. e5 Bf5 4. g3 e6 5. Bg2 Ne7 6. d4 Ng6 7. Bg5 Qb6 8. 0-0 c5 9. Nc3 Nc6 10. dxc5 Bxc5 11. Qd2 Ngxe5 12. Nxe5 Nxe5 13. Bf4 Ng4 14. Rae1 0-0 15. Re2 Rac8 16. Na4 Qb4 17. Qxb4 Bxb4 18. Rd1 b5 19. c3 Be7 20. c4 bxa4 21. cxd5 Rfd8 22. d6 Bf6 23. h3 Kf8 24. hxg4 Bxg4 25. f3 Bf5 26. d7 Rc4 27. Bd6+ Kg8 28. g4 Rc2 29. Rxc2 Bxc2 30. Re1 Rxd7 31. Bb4 Bxb2 32. Re2 Bd4+ 33. Kh1 Bg6 34. Rd2 e5 35. Bc3 Kf8 36. Bb4+ Ke8 37. f4 exf4 38. Bc6 Be4+ 39. Kh2 Bxc6 40. Re2+ Kd8 41. Ba5+ Kc8 42. Re8+ Kb7 43. Rh8 f3 44. Be1 h6 45. Bg3 Be5 46. Bxe5 f2 47. Rb8+ Ka6 48. Rb1 Be4 49. Rf1 Rd2 50. Bd4 Rxd4 51. Rxf2 f6 52. Rb2 Rd3 53. Rb8 Ra3 54. Rg8 Rxa2+ 55. Kg3 Rd2 56. Rxg7 a3 57. Re7 a2 58. Re6+ Kb5 59. Rxe4 a1Q 60. Re8 Rd3+ 61. Kf4 Qa4+ 62. Re4 Rd4 63. Rxd4 Qxd4+ 64. Kf5 Qe3 65. Kg6 Qf4 66. Kf7 Qe5 67. Kg6 Kc5 68. Kf7 Kd6 69. Kg6 Ke7 70. Kg7 f5+ 71. Kg6 Qf6+ 72. Kh5 Qg5# 0-1